000 00736nam a22001817a 4500
003 UA-OsUOA
001 18951
007 ta
008 20040622b un ||||| |||| 00| 0 ukr d
100 _aЛісецька О.
942 _cSA
040 _aUA-OsUOA
_cUA-OsUOA
_dUA-OsUOA
245 _aПротягом шести років у районі діє програма "Творча обдарованість"
_b[У Костопіл. будинку культури пройшов VI район. зліт "Творча обдарованість"]
300 _aС.4
955 _a0
773 0 _w0
_tВічеве слово
_dКостопіль
_d2004
_g№24/12 черв./
650 7 _aКраєзнавча робота
_2UDC
999 _c305122
_d305122